Basic biotechnology (Record no. 28203)

MARC details
000 -LEADER
fixed length control field 00478nam a2200181Ia 4500
008 - FIXED-LENGTH DATA ELEMENTS--GENERAL INFORMATION
fixed length control field 230917s9999||||xx |||||||||||||| ||und||
020 ## - ISBN
Price RS950
040 ## - CATALOGING SOURCE
-- 249979
Original cataloging agency VIVEKANANDA LIBRARY
041 ## - Language
-- English
082 ## - DDC NUMBER
Classification number 660.6 B292B(3)
100 ## - MAIN ENTRY--PERSONAL NAME
Personal name Ratledge, Colin, ed.
245 #0 - TITLE STATEMENT
Title Basic biotechnology
250 ## - EDITION STATEMENT
Edition statement 3rd ed.
260 ## - PUBLICATION, DISTRIBUTION, ETC. (IMPRINT)
Place of publication, distribution, etc Delhi
Name of publisher, distributor, etc Cambridge University Press
Date of publication, distribution, etc 2017
300 ## - PHYSICAL DESCRIPTION
Pages xv, 666 p.
500 ## - GENERAL NOTE
General note 3266 05/09/2018 HBD18/7489 14/09/2018 UIET (SFS)
942 ## - ADDED ENTRY ELEMENTS (KOHA)
Koha item type Books
Holdings
Withdrawn status Lost status Damaged status Not for loan Location (home branch) Sublocation or collection (holding branch) Shelving location Date acquired Koha issues (times borrowed) Koha full call number Accession No. Koha date last seen Koha item type
        VIVEKANANDA LIBRARY VIVEKANANDA LIBRARY UIET Library 03/10/2018   660.6 B292B(3) 385250 17/09/2023 Books
        VIVEKANANDA LIBRARY VIVEKANANDA LIBRARY UIET Library 03/10/2018   660.6 B292B(3) 385251 17/09/2023 Books
        VIVEKANANDA LIBRARY VIVEKANANDA LIBRARY UIET Library 03/10/2018   660.6 B292B(3) 385252 17/09/2023 Books
        VIVEKANANDA LIBRARY VIVEKANANDA LIBRARY UIET Library 03/10/2018   660.6 B292B(3) 385253 17/09/2023 Books
        VIVEKANANDA LIBRARY VIVEKANANDA LIBRARY UIET Library 03/10/2018   660.6 B292B(3) 385254 17/09/2023 Books
© Designed and Maintained by Vivekananda Library, MDU Rohtak